000 00989nam a2200277Ia 4500
003 OSt
005 20220923211602.0
006 a|||||r|||| 00| 0
007 ta
008 220922b |||||||| |||| 00| 0 hin d
020 _a9789387261136 (hbk)
_c975
024 _a354,361
037 _b1102, 28/12/2021, Rupa Prkashan
_cTextual
040 _aARTS
_cARTS
_bhin
041 _2hin
_ahin
082 _aO152,1I00w, Q7
100 _aशर्मा, जे. पी., ले.
245 0 _aकबीर दास
_b जीवन और दर्शन
246 _aKabīr dāsa: jīvan aur darshana
260 _aदिल्ली
_b रोबिन बुक्स
_c2017
300 _a243पृ.
_ccm.
650 _a हिन्दी साहित्य
_9156264
650 _aहिन्दी कविता
942 _hO152,1I00w, Q7
_cTEXL
_2CC
999 _c301066
_d301066